00423nam a2200121Ia 4500008004100000082002000041100003100061245006200092300000700154942001200161999001900173952010900192210430s9999 xx 000 0 und d a954.9205 C5451I aLt Col SS Chowdhary954632 aI Was A Prisoner of War In Pakistan cLt Col SS Chowdhary a94 cBK2ddc c565269d565269 001040708NFICaSCMEbSCMEcGENd0004-09-15l0o954.9205 C5451IpSCME-4558r2021-04-30w2021-04-30yBK